Una vista panorámica de huelgas, manifestaciones y mítines en caras y caretas (Record no. 85216)

MARC details
000 -LEADER
campo de control de longitud fija 02986nam a2200385 i 4500
001 - NÚMERO DE CONTROL
campo de control MOR01000085536
003 - IDENTIFICADOR DE NÚMERO DE CONTROL
campo de control mxdfmo
005 - FECHA Y HORA DE LA ÚLTIMA TRANSACCIÓN
campo de control 20260331145130.0
007 - CAMPO FIJO DE DESCRIPCIÓN FÍSICA--INFORMACIÓN GENERAL
campo de control de longitud fija ta
008 - DATOS DE LONGITUD FIJA--INFORMACIÓN GENERAL
campo de control de longitud fija 070323s2004 dfmo g b z000 0 spa d
035 ## - NÚMERO DE CONTROL DEL SISTEMA
Número de control de sistema 070491
040 ## - FUENTE DE CATALOGACIÓN
Centro catalogador/agencia de origen mxcmmo
Lengua de catalogación spa
Normas de descripción rda
Centro/agencia transcriptor mxcmmo
041 0# - CÓDIGO DE IDIOMA
Código de lengua del texto/banda sonora o título independiente spa
043 ## - CÓDIGO DE ÁREA GEOGRÁFICA
Código de área geográfica s-ag---
045 ## - PERIODO DE TIEMPO DEL CONTENIDO
Código de periodo de tiempo w9x3
082 04 - NÚMERO DE LA CLASIFICACIÓN DECIMAL DEWEY
Número de clasificación 330.97
Número de ítem AME.l.22
100 1# - ENTRADA PRINCIPAL--NOMBRE DE PERSONA
Nombre de persona Yujnovsky, Inés
Término indicativo de función/relación autor
9 (RLIN) 146470
245 10 - MENCIÓN DEL TÍTULO
Título Una vista panorámica de huelgas, manifestaciones y mítines en caras y caretas
Resto del título : prensa y fotografía a principios del siglo XX en Argentina/
Mención de responsabilidad, etc. Inés Yujnovsky. -- páginas 129-153
336 ## - TIPO DE CONTENIDO
Término de tipo de contenido texto
Código de tipo de contenido txt
Fuente rdacontent
337 ## - TIPO DE MEDIO
Nombre/término del tipo de medio sin medio
Código del tipo de medio n
Fuente rdamedia
338 ## - TIPO DE SOPORTE
Nombre/término del tipo de soporte volumen
Código del tipo de soporte nc
Fuente rdacarrier
500 ## - NOTA GENERAL
Nota general En: América Latina en la historia económica : revista de fuentes e investigación. -- Nueva época, numbers 22 (jul.-dic. 2004)
504 ## - NOTA DE BIBLIOGRAFÍA, ETC.
Nota de bibliografía, etc. Nota Bibliografía: páginas 151-153
520 8# - RESUMEN, ETC.
Sumario, etc. La autora muestra una fuente distinta para emprender el análisis del mundo del trabajo latinoamericano en el siglo XX, la fotografía. La documentación gráfica de este trabajo proviene del fondo fotográfico de "Caras y caretas" donado al Archivo General de la Nación en Argentina. Como explica Yujnovsky, esta revista ilustrada fue de las más importantes en su época, y circuló entre los años 1898 y 1939. Sabemos que la fuente gráfica comienza a ser utilizada en la reconstrucción de la historia del trabajo obrero del siglo XX. Hoy en día se sabe que la fotografía puede ser utilizada como registro del pasado, previamente sometida a un análisis crítico que nos permita reconstruir su sentido histórico. El trabajo de Yujnovsdy corresponde a una interpretación de fotografías con la que intenta pones especial atención en lo que la autora denomina "la construcción de las imágenes". En especial, descubrir el empleo de la fotografía como denuncia pública de la época. Maneja como hipótesis que tanto los fotógrafos como los actores sociales retratados eran conscientes del impacto que producía la imagen fotográfica. A su juicio, la representación fotográfica se convierte en una herramienta capaz de expresar, construir y difundir los debates de la opinión pública. En el artículo se plantea la existencia de una amplia difusión de la prensa obrera en esa época, el uso y conocimiento de la publicidad para transmitir consignas en torno a la organización obrera, lo que en definitiva habría ayudado a conformar una "cultura de la movilización".
650 #7 - PUNTO DE ACCESO ADICIONAL DE MATERIA--TÉRMINO DE MATERIA
Término de materia o nombre geográfico como elemento de entrada Fotoperiodismo
Subdivisión general Historia
9 (RLIN) 142982
650 #7 - PUNTO DE ACCESO ADICIONAL DE MATERIA--TÉRMINO DE MATERIA
Término de materia o nombre geográfico como elemento de entrada Trabajo y trabajadores
Subdivisión geográfica Argentina
Subdivisión general Historia
-- Fuentes
9 (RLIN) 29370
900 ## - ELEMENTOS DE DATOS A LOCAL, LDA (RLIN)
Nombre de persona BATCH-UPD
Numeración 00
Títulos y otros términos asociados al nombre 20120323
Lenguaje de la obra MOR01
-- 1752
900 ## - ELEMENTOS DE DATOS A LOCAL, LDA (RLIN)
Nombre de persona BATCH-UPD
Numeración 40
Títulos y otros términos asociados al nombre 20120321
Lenguaje de la obra MOR01
-- 1717
900 ## - ELEMENTOS DE DATOS A LOCAL, LDA (RLIN)
Nombre de persona BATCH
Numeración 00
Títulos y otros términos asociados al nombre 20120322
Lenguaje de la obra MOR01
-- 1739
900 ## - ELEMENTOS DE DATOS A LOCAL, LDA (RLIN)
Nombre de persona CAT
Numeración 30
Títulos y otros términos asociados al nombre 20070323
Lenguaje de la obra MOR01
-- 1159
900 ## - ELEMENTOS DE DATOS A LOCAL, LDA (RLIN)
Nombre de persona KLASY
Numeración 30
Títulos y otros términos asociados al nombre 20071211
Lenguaje de la obra MOR01
-- 1017
900 ## - ELEMENTOS DE DATOS A LOCAL, LDA (RLIN)
Nombre de persona VOBO
Numeración 40
Títulos y otros términos asociados al nombre 20080311
Lenguaje de la obra MOR01
-- 1637
904 ## - ELEMENTOS DE DATOS D LOCAL, LDD (RLIN)
a UPDATE
942 ## - ELEMENTOS DE ENTRADA SECUNDARIOS (KOHA)
Código de la institución [OBSOLETO] BK
901 ## - ELEMENTOS DE DATOS A LOCAL LDA (RLIN)
a batch batch
Holdings
Estatus retirado Estado de pérdida Fuente del sistema de clasificación o colocación Estado de daño Restricciones de uso No para préstamo Colección Biblioteca de origen Biblioteca actual Ubicación en estantería Fecha de adquisición Fuente de adquisición Total de préstamos Signatura topográfica completa Código de barras Visto por última vez Precio de reemplazo Tipo de ítem Koha Nota pública
    Clasificación Decimal Dewey   En sala   Publicaciones Periódicas MORA Biblioteca Instituto Mora Biblioteca Instituto Mora En sala 23/03/2007     (PM)/330.97 AME.l.22 85536-10 03/09/2024 03/09/2024 Libro ANALITICA